Twilight Three Things Quote Quiz Stats

 Plays Quiz not verified by Sporcle

Challenge
Share
Tweet
Embed
Score 0/44 Timer 03:00
0 Plays Today
Words % Correct
I
82.9%
I
82.9%
I
82.9%
a
75.6%
Edward
65.9%
love
65.9%
vampire.
63.4%
was
58.5%
was
58.5%
was
58.5%
him --
58.5%
was
58.5%
him.
58.5%
and
56.1%
And
56.1%
and
56.1%
three
53.7%
things
53.7%
of
53.7%
for
53.7%
in
53.7%
part
51.2%
Words % Correct
part
51.2%
be --
51.2%
my
51.2%
blood.
51.2%
First,
48.8%
there
48.8%
know
48.8%
how
48.8%
Second,
46.3%
with
46.3%
About
43.9%
didn't
43.9%
third,
43.9%
that
41.5%
that
41.5%
thirsted
39%
potent
36.6%
absolutely
34.1%
positive.
31.7%
unconditionally
31.7%
might
29.3%
irrevocably
29.3%

You're not logged in!

Compare scores with friends on all Sporcle quizzes.
Join for Free
OR
Log In

You Might Also Like...

Show Comments

Extras

Top Quizzes Today


Score Distribution

Your Account Isn't Verified!

In order to create a playlist on Sporcle, you need to verify the email address you used during registration. Go to your Sporcle Settings to finish the process.

Report this User

Report this user for behavior that violates our Community Guidelines.

Details: